=LDR 00000nam 2200000 4500 =001 INLIS000000000000065 =005 20150113144708.0 =006 =007 =008 Ind =035 ##$$0010-061300000000065 =041 ##$$a Ind =082 ##$$a 910.76 =090 ##$$a 910.76 Kus l =100 ##$$a Kuswanto =245 ##$$a Lembar kerja siswa, geografi, Kuswanto =260 ##$$aSolo$bTiga Serangkai$c1994 =300 ##$$a ...jil. : ilus. ; 29 cm =650 ##$$a Geografi =650 ##$$a Lembar Kerja Siswa =850 ##$$a NBPDMAT